| 000 | 00992nab a2200313 4500 | ||
|---|---|---|---|
| 003 | BR-BrBNA | ||
| 005 | 20240429195231.0 | ||
| 008 | 240429b bl.||||| |||| 00| 0 por d | ||
| 040 |
_aBR-BrBNA _bpor |
||
| 072 |
_aF01 ; D50 _b4420 |
||
| 100 | _aFranco, Danilo | ||
| 245 |
_aProfissionais do setor de mudas debatem manejo da produção _bViveiros |
||
| 500 | _a3 illus, | ||
| 650 | _aCITRICULTURA | ||
| 650 | _aMUDA | ||
| 650 | _aVIVEIRO | ||
| 650 | _aPORTA ENXERTO | ||
| 650 | _aBORBULHIA | ||
| 650 | _aSEMENTE | ||
| 650 | _aMATERIAL DE PROPAGAÇÃO | ||
| 650 | _aVARIEDADE | ||
| 650 | _aPATENTE | ||
| 650 | _aBOAS PRÁTICAS AGRÍCOLAS | ||
| 650 | _aTRANSFERÊNCIA DE TECNOLOGIA | ||
| 650 | _aLEGISLAÇÃO | ||
| 773 | 0 |
_04769 _9314649 _dBebedouro - SP Grupo Técnico de Assistência e Consultoria em Citrus 2001 _o2024-0901 _tCiência e Pratica (Brazil) _gv. 11(42) p. 20-22; (Jul-Sep 2011) _wBR2024000921 |
|
| 942 | _cAnalítica | ||
| 999 |
_c299383 _d299383 |
||